000 00266nam a2200109Ia 4500
005 20251222154314.0
008 251222s9999||||xx |||||||||||||| ||spa||
082 _a323.44/M12
100 _a"Mackenzie, Norman"
245 0 _aBreve historia del Socialismo
942 _cLIB
999 _c33495
_d33495